000 00508nam a2200205Ia 4500
005 20230426224846.0
008 230125s9999 xx 000 0 und d
020 _a9789385509131
041 _aeng
082 _a006.3
_bMUK
100 _aMukhi V
_9118731
245 _aThe A. I. Typhoon
250 _a1st Ed.
260 _c2018
_bIndus Source Books
_aMumbai
300 _a161 p
500 _aArtificial Intelligence
650 _aArtificial Intelligence
700 _aMukhi V
_9118731
942 _cBK
999 _c96867
_d96867